Old School NFL Team Logos - Statistics

General Stats
  • This quiz has been taken 210 times
  • The average score is 19 of 20
Answer Stats
Picture Answer % Correct
Atlanta Falcons
99%
Chicago Bears
99%
Detroit Lions
99%
Los Angeles Rams
99%
Miami Dolphins
99%
Philadelphia Eagles
99%
Denver Broncos
98%
New England Patriots
98%
Buffalo Bills
97%
Kansas City Chiefs
97%
Baltimore Ravens
96%
Indianapolis Colts
96%
Las Vegas Raiders
96%
Cincinnati Bengals
94%
Green Bay Packers
92%
Pittsburgh Steelers
92%
Tampa Bay Buccaneers
92%
Cleveland Browns
89%
New York Giants
82%
San Francisco 49ers
64%
No matching quizzes found
Score Distribution
Percent of People with Each Score
Percentile by Number Answered
Your Score History
You have not taken this quiz